| 000 | 01144cam a22001814a 4500 | ||
|---|---|---|---|
| 005 | 20250605164343.0 | ||
| 008 | 250528s ||||||||||||||||||||||||d | ||
| 035 | _a23720 | ||
| 040 |
_aGR-AtMCL _bgre _dGR-AtMCL _eAACR2 |
||
| 245 | 1 | _aHost - Country in HRM Multinational Companies/The Case of Carrefour in Greece. | |
| 260 | _c2008 | ||
| 300 | _a87 | ||
| 520 | _aIntroduction, Literature Review, Resource Management, Multinational Corporations, Cultural Diversity and Globalization, Models of MNC'S, Greek Institutional Environment and HRM, State, Legal Financial System, Research Methodology, Identifying the Problem, Setting the Objectives, Findings and Results, Operations Across Borders, Organizational Structure, Analysis of the Results: Influence of the Greek Institutional Environment on HRM. Recruitment and Selection, Appraisal, Taining, Wage Administration, Conclusions and Recommendations, Group Carrefour, HRM System of Greece, Reflection and Self Developement, Understanding of Personal Needs for Future Activity, References, Appendix. | ||
| 700 | 1 |
_aTsavari Anna _99275 |
|
| 942 | _cDS | ||
| 999 |
_c8677 _d8677 |
||